Mengurus sumber manusia

Bibliographic Details
Main Authors: Zafir Mohd Makhbul (Author), Fazilah Mohammad Hasun (Author)
Format: Book
Language:Malay
Published: Kuala Lumpur : Utusan Publications & Distributor Sdn Bhd 2003
Series:Siri pengurusan dan pentadbiran Utusan
Subjects:

MARC

LEADER 00000cam a2200000 7i4500
001 0000016418
005 20241028.0
008 060328 my a may
020 |a 9676114537 
040 |a INS   |b eng   |e rda 
090 0 0 |a HF5549   |b Z34 2003 
100 0 |a Zafir Mohd Makhbul ,   |e author 
245 1 0 |a Mengurus sumber manusia   |c Zafir Mohd Makhbul, Fazilah Mohamad Hasun 
264 1 |a Kuala Lumpur :   |b Utusan Publications & Distributor Sdn Bhd   |c 2003 
300 |a x,362 pages :   |b illustrations ;   |c 22 cm. 
336 |a text  |2 rdacontent 
337 |a unmediated  |2 rdamedia 
338 |a volume  |2 rdacarrier 
490 1 |a Siri pengurusan dan pentadbiran Utusan 
504 |a Includes bibliographical references 
650 0 |a Employment 
650 0 |a Manpower planning 
650 0 |a Personel management 
700 0 |a Fazilah Mohammad Hasun ,   |e author 
999 |a 0000016321   |b BOOK   |c Open Shelf   |e Default branch 
999 |a 0000016322   |b BOOK   |c Open Shelf   |e Default branch